| 000 | 00912nam a2200241 a 4500 | ||
|---|---|---|---|
| 999 |
_c11454 _d11454 |
||
| 001 | 11454 | ||
| 003 | BD-JhCC | ||
| 005 | 20211118134021.0 | ||
| 008 | 190623s19942015bg |||| ||a| 000 0 ben d | ||
| 020 | _a9840601679 | ||
| 035 | _a(BD-JhCC)11454 | ||
| 040 |
_aBD-JhCC _dBD-JhCC |
||
| 041 | _aben | ||
| 082 |
_a297.63 _bRAH 2015 |
||
| 100 | _a(র.), আবূ মুহাম্মদ আবদুল মালিক ইবন হিশাম মুআফিরী | ||
| 245 |
_aসীরতুননবী (সা.) / _cআবূ মুহাম্মদ আবদুল মালিক ইবন হিশাম মুআফিরী (র.) |
||
| 260 |
_aঢাকা : _bইসলামীক ফাউন্ডেশন বাংলাদেশ, _c২০১৫. |
||
| 300 |
_a308 p. : _c24 cm. |
||
| 650 | _aThe Life Hazrat Muhammad (Sm.) | ||
| 650 | _aIslam | ||
| 942 |
_2ddc _cBK _08 |
||